| 000 | 01087cam a22002531 4500 | ||
|---|---|---|---|
| 001 | e 51000002 | ||
| 003 | DLC | ||
| 005 | 20260227111234.0 | ||
| 008 | 830127s1950 dcua b f000 0 eng c | ||
| 010 | _ae 51000002 | ||
| 035 | _a(OCoLC)9167406 | ||
| 040 |
_aU.S. Office of Education. Library _cWWauC _dWWauC _dDLC |
||
| 042 | _apremarc | ||
| 050 | 0 | 0 |
_aL111 _b.A6 1950, no. 14 |
| 100 | 1 | _aMcNeely, Simon A. | |
| 245 | 1 | 0 |
_aPhysical education in the school child's day, _cby Simon A. McNeely and Elsa Schneider. |
| 260 |
_a[Washington] _bFederal Security Agency, Office of Education _c[1950] |
||
| 300 |
_avi, 94 p. _billus. _c23 cm. |
||
| 410 | 1 | 0 |
_aUnited States. _bOffice of Education. _tBulletin, 1950, _vno. 14 |
| 501 |
_aCopies 1 and 2 of L111.A6 with: State boards of education and chief state school officers / Ward W. Keesecker. Washington : Govt. Print. Off., 1950. Bound together subsequent to publication. _5DLC |
||
| 504 | _a"You can find out more about physical education": p. 90-94. | ||
| 650 | 0 | _aPhysical education and training. | |
| 700 | 1 |
_aSchneider, Elsa, _d1906- |
|
| 999 |
_c22144 _d22144 |
||